[Event "Bucharest-B"]
[Site "Bucharest"]
[Date "1992.??.??"]
[Round "?"]
[White "Micalizzi, Giovanni"]
[Black "Rogozenco, Dorian"]
[Result "0-1"]
[WhiteElo "2325"]
[BlackElo "2405"]
[PlyCount "88"]
[EventDate "1992.??.??"]
[EventType "tourn"]
[EventRounds "13"]
[EventCountry "ROU"]
[EventCategory "5"]
[SourceTitle "EXT 1997"]
[Source "ChessBase"]
[SourceDate "1996.11.15"]
[SourceVersion "1"]
[SourceVersionDate "1996.11.15"]
[SourceQuality "1"]

1. e4 c5 2. Nf3 e6 3. d4 cxd4 4. Nxd4 Nf6 5. Nc3 Nc6 6. Ndb5 d6 7. Bf4 e5 8. Bg5 a6 9. Na3 b5 10. Bxf6 gxf6 11. Nd5 f5 12. exf5 Bxf5 13. c3 Bg7 14. Nc2 Be6 15. g3 Ne7 16. Bg2 Bxd5 17. Bxd5 Rb8 18. Ne3 0-0 19. Qd3 Qd7 20. Rd1 Kh8 21. Bb3 Rbd8 22. 0-0 f5 23. f4 Qa7 24. Kg2 e4 25. Qe2 Qb7 26. Rd2 b4 27. Rfd1 bxc3 28. bxc3 Qc6 29. c4 a5 30. Nd5 Rfe8 31. Nxe7 Rxe7 32. Rd5 a4 33. Bc2 Rb7 34. Rb5 Rxb5 35. cxb5 Qc5 36. Bxa4 d5 37. Bb3 d4 38. Qc4 Qxc4 39. Bxc4 Rc8 40. Bb3 d3 41. a4 Bd4 42. Be6 Rc2+ 43. Kh3 e3 44. Bxf5 e2 0-1

[Event "Bucharest-B"]
[Site "Bucharest"]
[Date "1992.??.??"]
[Round "?"]
[White "Vasilescu, Lucian Mihail"]
[Black "Micalizzi, Giovanni"]
[Result "1-0"]
[WhiteElo "2430"]
[BlackElo "2325"]
[PlyCount "113"]
[EventDate "1992.??.??"]
[EventType "tourn"]
[EventRounds "13"]
[EventCountry "ROU"]
[EventCategory "5"]
[SourceTitle "EXT 1997"]
[Source "ChessBase"]
[SourceDate "1996.11.15"]
[SourceVersion "1"]
[SourceVersionDate "1996.11.15"]
[SourceQuality "1"]

1. d4 d5 2. c4 e6 3. Nf3 Nf6 4. Nc3 c6 5. Qb3 Be7 6. g3 0-0 7. Bg2 dxc4 8. Qxc4 b5 9. Qb3 Bb7 10. 0-0 b4 11. Na4 Nbd7 12. Bd2 a5 13. Rfc1 c5 14. dxc5 Rc8 15. Be3 Ne4 16. Ne1 Bd5 17. Qd1 Ndxc5 18. Nxc5 Nxc5 19. Bxd5 exd5 20. Bxc5 Bxc5 21. Nd3 Bd4 22. Rxc8 Qxc8 23. Rc1 Qd7 24. Qc2 g6 25. Qc6 Rd8 26. Qxd7 Rxd7 27. Rc6 Rb7 28. Rd6 Rb5 29. b3 Bc3 30. Nf4 d4 31. Rd5 Rxd5 32. Nxd5 Kf8 33. Nb6 Ke7 34. Nc4 a4 35. bxa4 Ke6 36. Kg2 Kd5 37. a5 Kc6 38. a6 f6 39. Kf3 Kc7 40. Ke4 Kb8 41. Nd6 Ka7 42. Nb5+ Kxa6 43. Nxd4 Ka5 44. Kd5 Ka4 45. Nc2 b3 46. axb3+ Kxb3 47. Nd4+ Kb2 48. e4 Ba5 49. f4 Kc3 50. e5 fxe5 51. fxe5 Kd3 52. e6 Bd8 53. Nc6 Bf6 54. e7 Bxe7 55. Nxe7 Ke3 56. Nxg6 hxg6 57. Ke5 1-0

[Event "Groningen op"]
[Site "Groningen"]
[Date "1991.??.??"]
[Round "1"]
[White "Lanka, Zigurds"]
[Black "Micalizzi, Giovanni"]
[Result "1-0"]
[WhiteElo "2505"]
[BlackElo "2345"]
[PlyCount "41"]
[EventDate "1991.12.??"]
[EventType "swiss"]
[EventRounds "9"]
[EventCountry "NED"]
[SourceTitle "CBM 026 Extra"]
[Source "ChessBase"]
[SourceDate "1992.03.01"]
[SourceVersion "1"]
[SourceVersionDate "1992.03.01"]
[SourceQuality "1"]

1. e4 c5 2. Nf3 Nc6 3. d4 cxd4 4. Nxd4 g6 5. Nc3 Bg7 6. Be3 Nf6 7. f4 0-0 8. e5 Ne8 9. Bc4 Nxd4 10. Qxd4 d6 11. 0-0-0 Qa5 12. Qd5 Qxd5 13. Nxd5 dxe5 14. Nxe7+ Kh8 15. fxe5 Bxe5 16. Rd8 b5 17. Bd5 Rb8 18. Bh6 Bg7 19. Bxg7+ Kxg7 20. Rxc8 Rxc8 21. Nxc8 1-0

[Event "Rome op"]
[Site "Rome"]
[Date "1991.??.??"]
[Round "8"]
[White "Micalizzi, Giovanni"]
[Black "Blasco, Domenico"]
[Result "1-0"]
[WhiteElo "2205"]
[BlackElo "2205"]
[PlyCount "87"]
[EventDate "1991.??.??"]
[EventType "swiss"]
[EventRounds "10"]
[EventCountry "ITA"]
[SourceTitle "EXT 2000"]
[Source "ChessBase"]
[SourceDate "1999.11.16"]
[SourceVersion "1"]
[SourceVersionDate "1999.11.16"]
[SourceQuality "1"]

1. e4 Nf6 2. e5 Nd5 3. d4 d6 4. Nf3 dxe5 5. Nxe5 g6 6. Be2 Bg7 7. 0-0 0-0 8. c4 Nb6 9. Bf4 c6 10. Nc3 Be6 11. b3 N8d7 12. Nf3 Bg4 13. Rc1 Nf6 14. h3 Bf5 15. a4 Ne4 16. Nxe4 Bxe4 17. a5 Nd7 18. Ng5 Nf6 19. b4 Bf5 20. Re1 Ne4 21. Nf3 Nf6 22. Ng5 Ne4 23. Nf3 Nf6 24. Ne5 Nd7 25. Bf3 Nxe5 26. Bxe5 Bxe5 27. Rxe5 Qd6 28. c5 Qc7 29. Qe2 Be6 30. a6 bxa6 31. Qxa6 Rad8 32. Qxc6 Qb8 33. Qe4 Qxb4 34. d5 Qa3 35. Qe3 Qxe3 36. fxe3 Bf5 37. Rxe7 a5 38. Ra7 Ra8 39. Rxa8 Rxa8 40. d6 Ra7 41. c6 a4 42. c7 a3 43. Bg4 a2 44. Bxf5 1-0

[Event "Rome op"]
[Site "Rome"]
[Date "1990.??.??"]
[Round "5"]
[White "Micalizzi, Giovanni"]
[Black "Mascarinas, Rico"]
[Result "0-1"]
[WhiteElo "2240"]
[BlackElo "2470"]
[PlyCount "60"]
[EventDate "1990.02.??"]
[EventType "swiss"]
[EventRounds "9"]
[EventCountry "ITA"]
[SourceTitle "TD"]
[Source "ChessBase"]
[SourceDate "1994.03.01"]
[SourceVersion "1"]
[SourceVersionDate "1994.03.01"]
[SourceQuality "1"]

1. e4 c5 2. Nf3 d6 3. d4 cxd4 4. Nxd4 Nf6 5. Nc3 e6 6. Be3 a6 7. f3 Be7 8. Qd2 Nc6 9. 0-0-0 0-0 10. g4 Nxd4 11. Qxd4 Nd7 12. h4 Ne5 13. Be2 b5 14. f4 Nc6 15. Qb6 Qd7 16. Bf2 Rb8 17. Qe3 Qc7 18. Bf3 Bd7 19. Kb1 Na5 20. g5 Rfc8 21. Qc1 Nc4 22. Ne2 b4 23. Ng3 Na3+ 24. Ka1 Nxc2+ 25. Kb1 b3 26. axb3 Qa5 27. Qxc2 Rxc2 28. Kxc2 Qc7+ 29. Kb1 Rxb3 30. Bg2 Qc3 0-1

[Event "Ragusa op"]
[Site "Ragusa"]
[Date "1989.??.??"]
[Round "?"]
[White "Basagic, Zlatko"]
[Black "Micalizzi, Giovanni"]
[Result "1-0"]
[WhiteElo "2375"]
[BlackElo "2270"]
[PlyCount "71"]
[EventDate "1989.??.??"]
[EventType "swiss"]
[EventRounds "9"]
[EventCountry "ITA"]
[SourceTitle "EXT 1998"]
[Source "ChessBase"]
[SourceDate "1997.11.17"]
[SourceVersion "1"]
[SourceVersionDate "1997.11.17"]
[SourceQuality "1"]

1. e4 c5 2. Nf3 Nc6 3. Bb5 g6 4. 0-0 Bg7 5. Re1 e5 6. Bxc6 dxc6 7. d3 Ne7 8. Nbd2 0-0 9. a4 a5 10. Nc4 Qc7 11. Be3 b6 12. b4 axb4 13. a5 bxa5 14. Bxc5 Be6 15. Bd6 Qd7 16. Nfxe5 Bxe5 17. Bxe5 Bxc4 18. dxc4 Qxd1 19. Rexd1 Rfd8 20. Rxd8+ Rxd8 21. Kf1 Ra8 22. Bd6 Nc8 23. Bxb4 Nb6 24. Rxa5 Rxa5 25. Bxa5 Nxc4 26. Bb4 Kg7 27. Ke2 Kf6 28. Kd3 Ne5+ 29. Kd4 Nd7 30. f4 Ke6 31. g4 f5 32. gxf5+ gxf5 33. e5 Kf7 34. Bd6 Ke6 35. c4 Kf7 36. Kc3 1-0

[Event "Mendrisio op"]
[Site "Mendrisio"]
[Date "1989.??.??"]
[Round "3"]
[White "Filipovic, Branko"]
[Black "Micalizzi, Giovanni"]
[Result "1-0"]
[WhiteElo "2450"]
[BlackElo "2270"]
[PlyCount "47"]
[EventDate "1989.??.??"]
[EventType "swiss"]
[EventRounds "9"]
[EventCountry "SUI"]
[SourceTitle "EXT 1997"]
[Source "ChessBase"]
[SourceDate "1996.11.15"]
[SourceVersion "1"]
[SourceVersionDate "1996.11.15"]
[SourceQuality "1"]

1. e4 c5 2. c3 e6 3. d4 d5 4. exd5 exd5 5. Nf3 Nc6 6. Bb5 Bd6 7. dxc5 Bxc5 8. 0-0 Nge7 9. Nbd2 0-0 10. Nb3 Bb6 11. Re1 Nf5 12. Bd3 Qd6 13. Bxf5 Bxf5 14. Be3 Bxe3 15. Rxe3 Rfe8 16. Qe2 Kf8 17. Re1 Bd7 18. Qd3 f5 19. Nbd4 Nxd4 20. Qxd4 Rxe3 21. Rxe3 Bc6 22. Ng5 Kg8 23. Ne6 Qd7 24. Nxg7 1-0

[Event "Ragusa op"]
[Site "Ragusa"]
[Date "1989.??.??"]
[Round "?"]
[White "Micalizzi, Giovanni"]
[Black "Fabiano, Giuseppe"]
[Result "1-0"]
[WhiteElo "2070"]
[BlackElo "2130"]
[PlyCount "43"]
[EventDate "1989.??.??"]
[EventType "swiss"]
[EventRounds "9"]
[EventCountry "ITA"]
[SourceTitle "EXT 1998"]
[Source "ChessBase"]
[SourceDate "1997.11.17"]
[SourceVersion "1"]
[SourceVersionDate "1997.11.17"]
[SourceQuality "1"]

1. e4 c5 2. Nf3 Nc6 3. Bb5 Qc7 4. 0-0 Nf6 5. Re1 e6 6. c3 Be7 7. d4 a6 8. Bd3 cxd4 9. cxd4 Nb4 10. Nc3 Nxd3 11. Qxd3 0-0 12. Bg5 d6 13. Rac1 Qd8 14. Red1 Bd7 15. e5 Nd5 16. Nxd5 exd5 17. Bxe7 Qxe7 18. Rc7 Qd8 19. Rxb7 Bb5 20. Qa3 dxe5 21. Nxe5 f6 22. Qg3 1-0

[Event "Ragusa op"]
[Site "Ragusa"]
[Date "1989.??.??"]
[Round "?"]
[White "Mrdja, Milan"]
[Black "Micalizzi, Giovanni"]
[Result "1/2-1/2"]
[WhiteElo "2440"]
[BlackElo "2270"]
[PlyCount "70"]
[EventDate "1989.??.??"]
[EventType "swiss"]
[EventRounds "9"]
[EventCountry "ITA"]
[SourceTitle "EXT 1998"]
[Source "ChessBase"]
[SourceDate "1997.11.17"]
[SourceVersion "1"]
[SourceVersionDate "1997.11.17"]
[SourceQuality "1"]

1. e4 c5 2. Nf3 Nc6 3. Bb5 g6 4. 0-0 Bg7 5. Bxc6 dxc6 6. d3 Nf6 7. Nbd2 0-0 8. Re1 h6 9. Qe2 Be6 10. h3 Qb6 11. a4 a5 12. Qe3 Nd7 13. e5 Qc7 14. b3 Rfe8 15. Bb2 b6 16. Nh2 Rad8 17. f4 f5 18. Nhf3 Nf8 19. Kh2 Kh7 20. Rg1 Bd5 21. Ne1 g5 22. g3 Ng6 23. Nef3 Bxf3 24. Nxf3 gxf4 25. gxf4 e6 26. Rg2 Rg8 27. Rag1 Bf8 28. Bc3 Rd7 29. Be1 Rdg7 30. Bg3 Ne7 31. c4 Ng6 32. Rd1 Be7 33. Bf2 Qd8 34. d4 cxd4 35. Nxd4 c5 1/2-1/2

[Event "Caorle op"]
[Site "Caorle"]
[Date "1988.??.??"]
[Round "7"]
[White "Mambrini, Augusto"]
[Black "Micalizzi, Giovanni"]
[Result "1/2-1/2"]
[WhiteElo "1930"]
[BlackElo "2075"]
[PlyCount "20"]
[EventDate "1988.??.??"]
[EventType "swiss"]
[EventRounds "8"]
[EventCountry "ITA"]
[SourceTitle "EXT 1999"]
[Source "ChessBase"]
[SourceDate "1998.11.16"]
[SourceVersion "1"]
[SourceVersionDate "1998.11.16"]
[SourceQuality "1"]

1. d4 d5 2. Nf3 Nf6 3. c4 e6 4. Nc3 c6 5. Bg5 Nbd7 6. e3 Qa5 7. Bxf6 Nxf6 8. Bd3 Bb4 9. Qc2 0-0 10. 0-0 dxc4 1/2-1/2

[Event "Caorle op"]
[Site "Caorle"]
[Date "1988.??.??"]
[Round "5"]
[White "Micalizzi, Giovanni"]
[Black "Leoncini, Mario"]
[Result "0-1"]
[WhiteElo "2075"]
[BlackElo "2035"]
[PlyCount "59"]
[EventDate "1988.??.??"]
[EventType "swiss"]
[EventRounds "8"]
[EventCountry "ITA"]
[SourceTitle "EXT 1999"]
[Source "ChessBase"]
[SourceDate "1998.11.16"]
[SourceVersion "1"]
[SourceVersionDate "1998.11.16"]
[SourceQuality "1"]

1. e4 c5 2. Nf3 Nc6 3. Bb5 g6 4. 0-0 Bg7 5. Re1 Nf6 6. c3 0-0 7. d4 cxd4 8. cxd4 d5 9. e5 Ne4 10. Nc3 Nxc3 11. bxc3 a6 12. Bd3 Qc7 13. Bf4 Bg4 14. h3 Bxf3 15. Qxf3 e6 16. Bg5 Rac8 17. Bf6 Nb8 18. Rac1 Nd7 19. c4 Bh6 20. Rc2 Qa5 21. Rb1 Nxf6 22. exf6 dxc4 23. Qxb7 Rc7 24. Qb4 cxd3 25. Qxa5 dxc2 26. Rf1 c1Q 27. Rxc1 Rxc1+ 28. Kh2 Rc6 29. d5 exd5 30. Qxd5 0-1

[Event "Caorle op"]
[Site "Caorle"]
[Date "1988.??.??"]
[Round "8"]
[White "Micalizzi, Giovanni"]
[Black "Rorato, Renzo"]
[Result "1/2-1/2"]
[WhiteElo "2075"]
[BlackElo "2050"]
[PlyCount "78"]
[EventDate "1988.??.??"]
[EventType "swiss"]
[EventRounds "8"]
[EventCountry "ITA"]
[SourceTitle "EXT 1999"]
[Source "ChessBase"]
[SourceDate "1998.11.16"]
[SourceVersion "1"]
[SourceVersionDate "1998.11.16"]
[SourceQuality "1"]

1. e4 d6 2. d4 Nf6 3. Nc3 g6 4. f4 Bg7 5. Nf3 c5 6. Bb5+ Bd7 7. e5 Ng4 8. e6 Bxb5 9. exf7+ Kd7 10. Nxb5 Qa5+ 11. Nc3 cxd4 12. Nxd4 Bxd4 13. Qxg4+ Qf5 14. Qxf5+ gxf5 15. Ne2 Nc6 16. Bd2 Raf8 17. Bc3 Bxc3+ 18. Nxc3 Rxf7 19. 0-0-0 Rg8 20. g3 h5 21. Ne2 Rg4 22. Rd3 Rf6 23. a3 Nd8 24. c4 Ne6 25. b4 b6 26. Ng1 h4 27. Nf3 hxg3 28. Ne5+ Kc8 29. Nxg4 g2 30. Rg1 fxg4 31. Rg3 Nxf4 32. Kd2 Rg6 33. Ke3 e5 34. R1xg2 Nxg2+ 35. Rxg2 Rh6 36. Ke4 Kd7 37. Rxg4 Rxh2 38. Rg7+ Ke6 39. Rxa7 Rh4+ 1/2-1/2

[Event "ITA-ch U20"]
[Site "Rome"]
[Date "1982.01.??"]
[Round "8"]
[White "Pompa, Alessandro"]
[Black "Micalizzi, Giovanni"]
[Result "1/2-1/2"]
[WhiteElo "1900"]
[BlackElo "2005"]
[PlyCount "55"]
[EventDate "1982.01.03"]
[EventType "tourn"]
[EventRounds "9"]
[EventCountry "ITA"]
[SourceTitle "EXT 2023"]
[Source "ChessBase"]
[SourceDate "2022.10.05"]
[SourceVersion "1"]
[SourceVersionDate "2022.10.05"]
[SourceQuality "1"]

1. d4 Nf6 2. c4 e6 3. Nc3 d5 4. Bg5 Nbd7 5. e3 c6 6. cxd5 exd5 7. Bd3 Be7 8. Nge2 0-0 9. Qc2 Re8 10. 0-0 Nf8 11. Rab1 a5 12. a3 Ne4 13. Bxe7 Qxe7 14. Na4 Ng6 15. Nb6 Rb8 16. Ng3 Bg4 17. Rfc1 f5 18. Nf1 Qg5 19. f4 Qd8 20. Bxe4 fxe4 21. Na4 Nh4 22. Qf2 Re6 23. h3 Bxh3 24. gxh3 Rg6+ 25. Kh1 Rg2 26. Qxg2 Nxg2 27. Kxg2 g5 28. f5 1/2-1/2

[Event "ITA-ch U20"]
[Site "Rome"]
[Date "1982.01.??"]
[Round "6"]
[White "Steinfl, Alessandro"]
[Black "Micalizzi, Giovanni"]
[Result "1/2-1/2"]
[WhiteElo "1985"]
[BlackElo "2005"]
[PlyCount "54"]
[EventDate "1982.01.03"]
[EventType "tourn"]
[EventRounds "9"]
[EventCountry "ITA"]
[SourceTitle "EXT 2023"]
[Source "ChessBase"]
[SourceDate "2022.10.05"]
[SourceVersion "1"]
[SourceVersionDate "2022.10.05"]
[SourceQuality "1"]

1. e4 c5 2. Nf3 Nc6 3. d4 cxd4 4. Nxd4 g6 5. Nc3 Bg7 6. Be3 Nf6 7. Bc4 0-0 8. 0-0 Nxe4 9. Nxe4 d5 10. Nxc6 bxc6 11. Bd3 dxe4 12. Bxe4 Qc7 13. Qf3 Rb8 14. b3 Bxa1 15. Rxa1 c5 16. Bf4 e5 17. Bh6 Qe7 18. Bxf8 Kxf8 19. Rd1 Be6 20. Qc3 f6 21. Qd2 Rb4 22. c4 Rb6 23. Qh6+ Kg8 24. Bxg6 hxg6 25. Qxg6+ Kf8 26. Qh6+ Kf7 27. Qh7+ Kf8 1/2-1/2

[Event "Palermo Magistrale op 2nd"]
[Site "Palermo"]
[Date "1981.09.27"]
[Round "9.6"]
[White "Micalizzi, Giovanni"]
[Black "Sanchez, Fernando"]
[Result "1/2-1/2"]
[WhiteElo "2070"]
[BlackElo "1968"]
[PlyCount "67"]
[EventDate "1981.09.19"]
[EventType "swiss"]
[EventRounds "9"]
[EventCountry "ITA"]
[SourceTitle "EXT 2024"]
[Source "ChessBase"]
[SourceDate "2023.10.10"]
[SourceVersion "1"]
[SourceVersionDate "2023.10.10"]
[SourceQuality "1"]

1. e4 e5 2. Nf3 Nc6 3. Bb5 a6 4. Ba4 Nf6 5. 0-0 Nxe4 6. Re1 Nc5 7. Nc3 Nxa4 8. Nxe5 Be7 9. Nd5 0-0 10. Nxc6 dxc6 11. Nxe7+ Kh8 12. Qh5 Nb6 13. Re4 Qd6 14. d3 Nd5 15. Nxd5 Qxd5 16. Qxd5 cxd5 17. Re7 c6 18. Bf4 h6 19. Rae1 Kg8 20. Rc7 a5 21. a4 Ra6 22. b3 b5 23. axb5 cxb5 24. Rc5 a4 25. Rxb5 axb3 26. Rxb3 Rc6 27. Re2 Be6 28. f3 Rfc8 29. Rb8 Kf8 30. Rxc8+ Rxc8 31. Kf2 Ke7 32. Ke3 Kd7 33. Kd4 Ra8 34. Be5 1/2-1/2

[Event "Palermo Magistrale op 2nd"]
[Site "Palermo"]
[Date "1981.09.26"]
[Round "8.8"]
[White "Pavone, Antonino"]
[Black "Micalizzi, Giovanni"]
[Result "1-0"]
[WhiteElo "1900"]
[BlackElo "2070"]
[PlyCount "77"]
[EventDate "1981.09.19"]
[EventType "swiss"]
[EventRounds "9"]
[EventCountry "ITA"]
[SourceTitle "EXT 2024"]
[Source "ChessBase"]
[SourceDate "2023.10.10"]
[SourceVersion "1"]
[SourceVersionDate "2023.10.10"]
[SourceQuality "1"]

1. e4 c5 2. Nf3 Nc6 3. c3 Nf6 4. e5 Nd5 5. Bc4 e6 6. 0-0 d6 7. d4 dxe5 8. dxe5 Be7 9. Bd3 b6 10. Na3 Bb7 11. Qe2 a6 12. Rd1 Qc7 13. Re1 Rd8 14. Bxa6 Bxa6 15. Qxa6 0-0 16. Qe2 Na5 17. Bg5 Bxg5 18. Nxg5 Nf4 19. Qe4 Ng6 20. h4 Rd5 21. Nf3 Rfd8 22. Nb5 Qb8 23. h5 Nf8 24. c4 R5d7 25. Qh4 Nc6 26. h6 Ng6 27. Qg5 gxh6 28. Qxh6 Ncxe5 29. Ng5 Nf8 30. Ne4 Re7 31. Nf6+ Kh8 32. Nh5 f5 33. Qf6+ Kg8 34. Qxe7 Rd7 35. Nf6+ Kh8 36. Nxd7 Nexd7 37. Nd6 Kg8 38. Re3 f4 39. Re4 1-0